00709nam a2200181Ia 4500008004100000020001500041041000800056082001700064100002200081245018100103250000600284260003200290300001200322650002600334700002200360999001900382952012600401210716s2007 xx 000 0 und d a0749451548 aeng a658.162 REUJ aReuvid, Jonathan. aMergers and acquisitions: a practical guide for private companies and their UK and overseas advisers.bPractical guide for private companies and their UK and overseas advisers. a1 aNew DelhibKogan Pagec2007 axvi,287 aMergers & Acqusitions aReuvid, Jonathan. c202701d202701 001040708MBAaAIMITbAIMITd2008-10-30g395.00l0o658.162 REUJpMBA05267r2026-05-23 00:00:00v316.00w2021-07-16yBK